000 00345 a2200109 4500
001 ART_3652
005 20260410161717.0
008 260409a
245 1 0 _aReforma y privatización en el sector transporte
100 1 _aMüller, Alberto E.G.
773 0 _tDesarrollo económico
_g- Vol. 44, Nº 173 (abr./jun. 2004)
_wREV1174
999 _c16583
_d16583